00648nam a2200193Ia 4500003000900000008004100009020001800050040001600068080001800084245012500102260003200227300001000259650001900269650001600288700003400304942000700338999001500345952009400360IN-BaIIA211028s9999 xx 000 0 eng d a0-07-045344-6 cIIA Library a031:5bMCG-77 0aMcGraw-Hill Yearbook of Science and Technology, 1977cedited by Daniel N Lapedes  aNew YorkbMcGraw-Hillc1977 a454p. aNASA thesaurus aPhysics973 aLapedes, Daniel N., ed.99568 cBK c6862d6862 00104070aBANbBANcGENd1981-09-14l0o031:5/ MCG-77p7628r2021-11-05w1981-09-14yBK